| 000 | 00632nam a2200229 a 4500 | ||
|---|---|---|---|
| 999 |
_c10218 _d10218 |
||
| 001 | 10218 | ||
| 003 | BD-JhCC | ||
| 005 | 20180717081639.0 | ||
| 008 | 171214s2005 bg a||a| ||a| 000 0 eng d | ||
| 020 | _a9844104343 | ||
| 035 | _a(BD-JhCC)10218 | ||
| 040 |
_aBD-JhCC _dBD-JhCC |
||
| 041 | _aeng | ||
| 082 |
_a9054.205 _bBIS 2005 |
||
| 100 | _aBiswas, Sukumar | ||
| 245 |
_aBangladesh Liberation War Mujibnagar Government Documents 1971 / _cSukumar Biswas (Edited) |
||
| 260 |
_aDhaka : _bMowla Brothers, _c2005. |
||
| 300 |
_a655 p. : _c24 cm. _billu; |
||
| 650 |
_aLiberation War _y1971 |
||
| 942 |
_2ddc _cBK |
||